| 000 | 00775nam a2200205Ia 4500 | ||
|---|---|---|---|
| 003 | GCL | ||
| 008 | 140319s9999 xx 000 0 ara d | ||
| 040 |
_aGCL / _cGCL |
||
| 082 | 0 | 4 |
_aم _b155 _bل د |
| 100 | 1 | _aلويس الحاج | |
| 245 | 1 | 0 |
_aدائرة المعارف السيكولوجية : _bالمجلد الثانى : كيف تكسب المال - تغلب على القلق - تغلب على الخوف - الايحاء الذاتى - سعادتك بيدك - طريق النجاح / _cلويس الحاج |
| 260 |
_aبيروت : _bدار صادر |
||
| 300 |
_a2مجلد ؛ _c24 سم |
||
| 650 | 0 | 4 | _aعلم النفس |
| 650 | 0 | 4 | _aالخوف |
| 650 | 0 | 4 | _aالسعادة |
| 650 | 0 | 4 | _aالذات |
| 650 | 0 | 4 | _aالقلق (علم نفس) |
| 942 |
_2ddc _cBK |
||
| 999 |
_c35629 _d35629 |
||